| 000 | 004220000a22001810004500 | ||
|---|---|---|---|
| 003 | MACL | ||
| 005 | 20150822111805.0 | ||
| 008 | 150822b xxu||||| |||| 00| 0 eng d | ||
| 040 |
_aMACL _cMACL |
||
| 041 | _aEnglish | ||
| 082 | _a610 | ||
| 100 |
_aNagal, Madhu _96670 |
||
| 245 | _aMedical Sociology | ||
| 260 |
_bPrintwell Publishers _c1988 _aJaipur |
||
| 350 | _a125 | ||
| 650 |
_aMedical _96672 |
||
| 942 |
_cBK _k610 _2ddc |
||
| 999 |
_c6608 _d6608 |
||